000 00782cam a22002653a 4500
001 15562
003 PGUSA
005 20140828083331.0
008 050406s2005||||xxu|||||s|||||000 1 eng d
040 _aPGUSA
_beng
042 _adc
050 4 _aPZ
100 1 _aJacobs, Caroline Emilia,
_d1872-1909
245 1 4 _aThe S. W. F. Club
_h[electronic resource] /
_cCaroline Emilia Jacobs
260 _bProject Gutenberg,
_c2005
506 _aPublic domain in the USA.
516 _aElectronic text
653 _aSisters -- Juvenile fiction
653 _aBenefactors -- Juvenile fiction
653 _aVermont -- Juvenile fiction
653 _aFarms -- Juvenile fiction
830 0 _aProject Gutenberg
_v15562
856 4 0 _uhttp://www.gutenberg.org/ebooks/15562
942 _cEB
999 _c244817
_d244817